Responses for Show #7362 - Tuesday, September 20, 2016

Seth Wilson game 2.

Contestants

[<< previous game]

Rachel Lin, a patent attorney from Tuckahoe, New York

Bryan Hlavinka, a tequila tour manager from Houston, Texas

Seth Wilson, a Ph.D. candidate from Chicago, Illinois (whose 1-day cash winnings total $29,800)

[next game >>]

Jeopardy! Round responses

MAJOR LEAGUE BALLPARK FOOD
NATIVE AMERICANS
WORDS THAT SHOULD RHYME
(Alex: But don't.)
A WHITMAN SAMPLER
OUT OF THE CRADLE
ENDLESSLY ROCKING
    $200 7
the Astros

Seth
    $200 6
the sun

Seth
    $200 22
diaper rash

Bryan
    $200 1
Aerosmith

Seth
    $400 8
the Pittsburgh Pirates

Rachel
    $400 28
[The end-of-round signal sounds.]

the Apache

Triple Stumper
    $400 19
(Bryan: [*]?)
(Alex: Remember your phrasing.)
(Bryan: Oh. What is [*]?)

assist and bassist

Bryan
    $400 13
captain

Rachel
    $400 27
teething

Bryan
    $400 2
ZZ Top

Bryan
    $600 9
Busch Stadium

Bryan
    $600 20
the Ghost Dance

Seth
    $600 16
encourage and entourage

Triple Stumper
    $600 14
America

Seth
    $600 26
bassinet

Bryan
    $600 3
Live Aid

Seth
    $800 11
(Seth: Who are the Nationals?)

Camden (Yards)

SethBryan
    $3,400 21
Oklahoma

Seth
    $800 17
patio and ratio

Seth
    $800 15
grass

Triple Stumper
    $800 23
(Alex: Less than a minute to go now.)

Gerber

Bryan
    $800 4
the Grateful Dead

Bryan
    $1000 10
the (Toronto) Blue Jays

Bryan
    $1000 12
the Sioux

Seth
    $1000 18
rouge and gouge

Bryan
    $1000 25
[Alex reads the blank as "do this".]

celebrate

Triple Stumper
    $1000 24
(Alex: It's what I try to practice--[*]. Mm, mm.)
[Bryan chuckles.]

self-soothing

Triple Stumper
    $1000 5
Bruce Springsteen

Bryan

Scores at the first commercial break (after clue 15):

Seth Bryan Rachel
$2,000 $4,600 $800

Scores at the end of the Jeopardy! Round:

Seth Bryan Rachel
$6,800 $8,000 $800

Double Jeopardy! Round responses

SEEN FROM ABOVE
FICTIONAL LANGUAGES
"TEN"-LETTER WORDS
(Alex: Each correct response will have ten letters, and will have the letters "T-E-N" in that order in those correct responses.)
I AM CURIOUS ABOUT YELLOW
FRIENDS
ROME IS WHERE THE ART IS
    $400 1
Klingon

Bryan
    $400 5
discontent

Bryan
    $400 28
[The end-of-round signal sounds.]

Kareem Abdul-Jabbar

Seth
    $400 11
Medusa

Seth
    $800 21
Machu Picchu

Bryan
    $800 3
Dothraki

Bryan
    $800 6
lieutenant

Bryan
    $800 27
soccer

Seth
    $800 16
(Charlie) Chaplin

Bryan
    $800 13
the Vatican

Rachel
    $1200 19
(Vincent) van Gogh

Bryan
    $1200 2
Parseltongue

Seth
    $1200 7
(Seth: What is goalkeeper?)
...
(Alex: [*]--remember, "T-E-N" has to come up in each correct response.)

goaltender

SethRachel
    $1200 23
Robinson Crusoe

Rachel
    $1200 12
(Alex: [*]--Papa [*], yes.)

Haydn

Rachel
    $1200 18
(Alex: Those darn [*].)
[Laughter]

Etruscans

Triple Stumper
    $1600 20
the Nazca Lines

Triple Stumper
    $1600 4
(Bryan: What is [*]?)
(Alex: [*]? No.)
(Rachel: What is [**]?)
(Alex: Yes. This game is moving too fast even for me, Rachel. I've just been signaled that we should have accepted Bryan's response. We are not going to penalize you, Rachel, but Bryan, we're going to give you back the money we took away. You get to make the next selection.)

Elvin (or Elvish)

BryanRachel
    $1600 8
(Bryan: What is untenable?)

omnipotent

Bryan
Triple Stumper
    $1600 22
J.E.B. Stuart

Seth
    $1600 14
Franklin Pierce

Seth
    $1600 17
mosaic

Bryan
    $2000 26
(Rachel: What is circuitous?)

meandering

Rachel
Triple Stumper
    $2000 10
Newspeak

Rachel
    $2000 9
the Tenderloin

Seth
    $2,000 25
(Alex: Less than a minute to go now, Rachel. This time, you only have $2,800 to put at risk.)
...
(Rachel: What is Beijing?)

Seoul (Korea)

Rachel
    $2000 15
T.S. Eliot

Seth
    $6,000 24
(Rachel: Who is St. Sebastian?)

John the Baptist

Rachel

Scores at the end of the Double Jeopardy! Round:

Seth Bryan Rachel
$15,600 $14,800 -$1,200

[wagering suggestions for these scores]

Final Jeopardy! Round responses

POP CULTURE CHARACTERS
BryanWho is G. Goku?
$1,601
SethWho is Godzilla?
$15,600
Godzilla

Final scores:

Seth Bryan Rachel
$31,200 $13,199 -$1,200
2-day champion: $61,000 2nd place: $2,000 3rd place: $1,000

Game dynamics:

Coryat scores:

Seth Bryan Rachel
$13,000 $14,800 $6,800
17 R
(including 1 DD),
2 W
21 R,
1 W
8 R,
3 W
(including 2 DDs)

Combined Coryat: $34,600

[game clues] [game scores] [suggest correction]

Game tape date: 2016-07-20
The J! Archive is created by fans, for fans. Scraping, republication, monetization, and malicious use prohibited; this site may use cookies and collect identifying information. See terms. The Jeopardy! game show and all elements thereof, including but not limited to copyright and trademark thereto, are the property of Jeopardy Productions, Inc. and are protected under law. This website is not affiliated with, sponsored by, or operated by Jeopardy Productions, Inc. Join the discussion at JBoard.tv.